00269nam a22000977a 4500082001900000100001700019245005900036300003100095526003700126650000800163 a358.20954bSHO aBinney, E.V. aA short history of the 17th and 22nd field companies./ avii, 131 p,;bGraph:c16cm a0b0c0d358_209540000000000_SHO aMCE